Kadra Polski na EURO 2024 - Statystyki

Ogólne statystyki
  • Ten quiz został rozwiązany 195 razy
  • Średni wynik to 21 z 26
Statystyki odpowiedzi
pozycja imię i nazwisko % Poprawnych
Bramkarz Wojtek Szczęsny
100%
Bramkarz Łukasz Skorupski
99%
Napastnik Robert Lewandowski
98%
Bramkarz Marcin Bułka
95%
Napastnik Adam Buksa
94%
Pomocnik Piotr Zieliński
94%
Pomocnik Nicola Zalewski
93%
Obrońca Jan Bednarek
92%
Napastnik Karol Swiderski
91%
Napastnik Krzysztof Piątek
91%
Obrońca Jakub Kiwior
88%
Pomocnik Damian Szymański
83%
Obrońca Bartosz Salamon
82%
Pomocnik Kacper Urbański
82%
Pomocnik Sebastian Szymański
82%
Pomocnik Przemysław Frankowski
79%
Obrońca Paweł Dawidowicz
77%
Pomocnik Kamil Grosicki
72%
Pomocnik Jakub Moder
71%
Obrońca Bartosz Bereszyński
70%
Pomocnik Bartosz Slisz
68%
Pomocnik Taras Romańczuk
65%
Obrońca Tymoteusz Puchacz
65%
Pomocnik Jakub Piotrowski
61%
Obrońca Sebastian Walukiewicz
58%
Pomocnik Michał Skóraś
48%
Nie znaleziono quizów pasujących do podanych kryteriów
Rozkład punktacji
Procent ludzi z każdym wynikiem
Percentyl według liczby udzielonych odpowiedzi
Twoja historia wyników
Nie rozwiązałeś tego quizu